Assessing student characteristics in admissions to higher education : a review of procedures /

Bibliographic Details
Main Author: Breland, Hunter M.
Corporate Author: College Entrance Examination Board
Format: Book
Language:English
Published: New York : College Board, 1981.
Series:Research monograph (College Entrance Examination Board) ; no. 9.
Subjects:

MARC

Tag First Indicator Second Indicator Subfields
LEADER 00000cam a2200000 a 4500
001 in00000091981
005 20151008064112.0
008 820113s1981 nyu b 00010 eng
010 |a  81068275  
020 |a 0874471389 (pbk.) :  |c $10.95 
035 |a (OCoLC)07989033 
035 |9 AAK3533AM 
039 0 |a 2  |b 3  |c 3  |d 3  |e 3 
040 |a DLC  |c DLC  |d TXA  |d UtOrBLW 
049 |a TXAM  |c [1672847] 
050 0 0 |a LB2351  |b .B75 
082 0 |a 378/.1056  |2 19 
100 1 |a Breland, Hunter M. 
245 1 0 |a Assessing student characteristics in admissions to higher education :  |b a review of procedures /  |c by Hunter M. Breland. 
264 1 |a New York :  |b College Board,  |c 1981. 
300 |a viii, 133 pages ;  |c 22 cm. 
336 |a text  |b txt  |2 rdacontent 
337 |a unmediated  |b n  |2 rdamedia 
338 |a volume  |b nc  |2 rdacarrier 
490 1 |a Research monograph / College Board ;  |v no. 9 
504 |a Bibliography: pages 59-67. 
650 0 |a Universities and colleges  |x Admission  |x Evaluation. 
650 0 |a Students  |x Rating of  |x Evaluation. 
650 0 |a Examinations  |x Validity. 
710 2 |a College Entrance Examination Board. 
830 0 |a Research monograph (College Entrance Examination Board) ;  |v no. 9. 
999 |a MARS 
999 f f |s 199b9225-037d-377a-95b3-bdd9be0345d9  |i 6466fb50-0a50-3c45-b50e-b1127bd34db5  |t 0 
952 f f |p normal  |a Texas A&M University  |b College Station  |c Sterling C. Evans Library  |d Evans: Library Stacks  |t 0  |e LB2351 .B75  |h Library of Congress classification  |i unmediated -- volume  |m A14806161869 
998 f f |a LB2351 .B75  |t 0  |l Evans: Library Stacks